000
00311nam a22001217a 4500
082
_a
617.6
_b
D11C
100
_a
CHOUDHARY.N.K
245
_a
DENTODRITE RECENT PREVIOUS YEARS QUESTIONS FOR DENTAL P.G .ENTRANCE EXAMINATIONS
250
_a
2ND
260
_a
DELHI
_b
A.I.T.B.S
_c
2011
300
_a
385
942
_2
ddc
_c
BK
999
_c
9561
_d
9561